Double Letter Olympic Sports Quiz Stats

 Plays Quiz Updated Aug 18, 2016

Challenge
Share
Tweet
Embed
Score 0/17 Timer 04:00
4 Plays Today
Olympic Sport % Correct
Swimming
76.6%
Basketball
67.5%
Football (Soccer)
65.2%
Volleyball
65%
Tennis
57.3%
Handball
48%
Table Tennis
41.4%
Beach Volleyball
38.2%
Shooting
35.1%
Olympic Sport % Correct
Cross Country Skiing
33.3%
Speed Skating
33.2%
Synchronized Swimming
30.4%
Alpine Skiing
24.9%
Equestrian Dressage
14.7%
Freestyle Skiing
10.4%
Short Track Speed Skating
8.2%
Wrestling Freestyle
5.1%

You're not logged in!

Compare scores with friends on all Sporcle quizzes.
OR
Log In

You Might Also Like...

Show Comments

Extras

Top Quizzes Today


Score Distribution

Your Account Isn't Verified!

In order to create a playlist on Sporcle, you need to verify the email address you used during registration. Go to your Sporcle Settings to finish the process.

Report this User

Report this user for behavior that violates our Community Guidelines.

Details: